000 00655nam a2200181 a 4500
001 000033881
005 20200930070608.0
008 110914s2009 br 000 0 spa d
020 _a9788576650249
040 _aDO-SdBNP
_bspa
_cBNPHU
100 1 _aBarreto, Lima
_d1888-1922
_959316
245 1 0 _aO cemitério dos vivos :
_bmemorias ; /
_cLima Barreto ; organização e notas, Diogo de Hollanda ; prefácio, Fábio Lucas.
260 _aRio de Janeiro :
_bEdições Biblioteca Nacional :
_bEditora Planeta do Brasil,
_c2009.
300 _a239 p. :
_bil. ;
_c24 cm.
700 1 _aHollanda, Diogo de.
_959317
700 1 _aLucas, Fábio
_959318
049 _aBNPD
999 _c33372
_d33372